Vyhodnocení součinitele adheze vybraných pneumatik pro zásahový požární automobil

Sumarizovanie výsledkov testovania a hodnotenia vhodnosti troch vybraných typov pneumatík pre zásahové hasičské vozidlá pre jednotky Hasičského a záchranného zboru Českej republiky.

Na minha lista:
Detalhes bibliográficos
Autor principal: Jánošík, Ladislav
Outros Autores: Jánošíková, Ivana, Poledňák, Pavel, Šudrychová, Izabela
Formato: Capítulo de Livro
Idioma:tcheco
Assuntos:
Tags: Adicionar Tag
Sem tags, seja o primeiro a adicionar uma tag!

MARC

LEADER 00000naa a2200000 4500
001 0306973
005 20250212092853.5
041 0 |a cze 
044 |a SK 
245 1 0 |a Vyhodnocení součinitele adheze vybraných pneumatik pro zásahový požární automobil  |c Ladislav Jánošík, Ivana Jánošíková, Pavel Poledňák, Izabela Šudrychová 
520 |a Sumarizovanie výsledkov testovania a hodnotenia vhodnosti troch vybraných typov pneumatík pre zásahové hasičské vozidlá pre jednotky Hasičského a záchranného zboru Českej republiky. 
610 2 0 |a automobily 
610 2 0 |a požiare 
610 2 0 |a požiarnictvo 
610 2 0 |a hodnotenie 
610 2 0 |a bezpečnosť 
610 2 0 |a Česko 
100 1 |a Jánošík, Ladislav 
700 1 |a Jánošíková, Ivana 
700 1 |a Poledňák, Pavel 
700 1 |a Šudrychová, Izabela